00705nam a2200253 a 4500001001300000003000900013005001700022008004100039020001000080082001600090100001800106245002600124260003400150300000900184500003500193505001700228650002200245650001900267700001800286902000800304942000700312952011700319999001500436nice12345678IN_TiNIC20260116012930.0050524s1982 teha grp 000 0 per  ac10000a297.7bSID3 aSiddiqi, Issa aTarikh Farhang-E-Iran aTehranbDanishgah Pressc1982 a536p aincludes index and biblioraphy2 aBibliography aIslamic-Education aEducation-Iran1 aSiddiqi, Issa bSRS cBK 001040708StackRoom-aHMIbHMId2007-07-12g100.00l0o297.7 SID3p013842r2007-07-12v100.00w2005-05-24yBK c8947d8947